| 000 | 00619nam a2200181 a 4500 | ||
|---|---|---|---|
| 005 | 20251205063952.0 | ||
| 008 | 991125s1984 mx 000 0 spa u | ||
| 035 | _aUPN01000038557 | ||
| 049 | _aF | ||
| 050 | 4 |
_aLB1025 _bD5 no.16 |
|
| 100 | 1 |
_aArgudín, Yolanda _928744 |
|
| 245 | 1 | 3 |
_aEl método de Roger Cousinet, una opción para facilitar el aprendizaje significativo a nivel universitario / _cYolanda Argudín. |
| 260 |
_aMéxico : _bUniversidad Iberoamericana, Centro de Didáctica, _c1984. |
||
| 300 | _a17 p. | ||
| 440 | 0 |
_aDIDAC. _pBoletín ; _v16 |
|
| 650 | 4 |
_aEnseñanza _vColecciones _921467 |
|
| 905 | _aLibro | ||
| 999 |
_c38557 _d38557 |
||